| 000 | 01322cam a22003375i 4500 | ||
|---|---|---|---|
| 999 |
_c14822 _d14822 |
||
| 001 | 15235570 | ||
| 003 | EG-ScBUE | ||
| 005 | 20200203141745.0 | ||
| 008 | 080327s2003 enk f b 001 0 eng d | ||
| 020 | _a1403904189 (alk. paper) | ||
| 020 | _a9781403904188 (alk. paper) | ||
| 040 |
_aDLC _beng _erda _cDLC _dDLC _dEG-ScBUE |
||
| 082 | 0 | 4 |
_a808.066 _bMAR _222 |
| 100 | 1 |
_aMarsen, Sky, _eauthor. _921024 |
|
| 245 | 1 | 0 |
_aProfessional Writing : _bThe complete guide for business, industry and IT / _cSky Marsen. |
| 264 | 1 |
_aBasingstoke, Hampshire ; _aNew York : _bPalgrave Macmillan, _c2003. |
|
| 300 |
_a228 pages ; _c22 cm. |
||
| 336 |
_atext _btxt _2rdacontent |
||
| 337 |
_aunmediated _bn _2rdamedia |
||
| 338 |
_avolume _bnc _2rdacarrier |
||
| 490 | 0 | _aPalgrave study guides | |
| 504 | _aIncludes bibliographical references and index. | ||
| 650 | 7 |
_aBusiness writing. _2BUEsh _921026 |
|
| 650 | 7 |
_aTechnical writing. _2BUEsh _921027 |
|
| 651 | _2BUEsh | ||
| 653 | _bHHUUEENN | ||
| 856 | 4 | 2 |
_3Publisher description _uhttp://www.loc.gov/catdir/enhancements/fy0828/2008013604-d.html |
| 856 | 4 | 1 |
_3Table of contents only _uhttp://www.loc.gov/catdir/enhancements/fy0828/2008013604-t.html |
| 856 | 4 | 2 |
_3Contributor biographical information _uhttp://www.loc.gov/catdir/enhancements/fy0828/2008013604-b.html |
| 942 |
_2ddc _cBB |
||